| 000 | 00502nam a22001457a 4500 | ||
|---|---|---|---|
| 008 | 150508b xxu||||| |||| 00| 0 eng d | ||
| 020 | _a1902201167 | ||
| 082 |
_a708 _bA 862k |
||
| 100 |
_aAtaman, Kutlug _92562 |
||
| 245 |
_aKUBA _cAtaman, Kutlug |
||
| 260 |
_aLondon _bDruckzone _c2004 |
||
| 300 |
_a160 p. _bill. (col) _c25x26 cm |
||
| 650 |
_xAtaman, Kutlug-Exhibiciones _xTurcos-Turquía-Estanbul-Entrevistas-Exhibiciones _xEstanbul (Turkia)-civilizaciones-Exhibiciones _92563 |
||
| 700 |
_aKutlug Ataman _92564 |
||
| 999 |
_c564 _d564 |
||